LDR 00852nam a2200205 i 4500 001 000000066453 003 CaOOAMICUS 005 20140115000000.0 008 140115s1964 xx u000 u lat u 013 $a37625 040 $aSeMil$bita 245 10$aPars systematica, seu, Divinarum personarum conceptio analogica. 250 $aEditio tertia et recognita. 300 $a321 p. 500 $aContiene : Appendix. 700 1 $aLonergan, Bernard J. F.,$c
.$0(OLS)http://semarc/name/2591 773 0 $aPontificia Università Gregoriana
$tDe Deo Trino.$dRomae : Apud Aedes Universitatis Gregorianae, 1964.$g2$w()29328 850 $aSeMil 852 $aSeMil$W1$xVenegono$y1$m2N IV 44$j32606$B32606$CSeMilBibl$Z2$F32609 $81 996 $6245$aPars systematica, seu, Divinarum personarum conceptio analogica$9(OLS)http://semarc/title/105668